Statystyki dla Państwa w Afryce, w których stolica nie jest największa

Kliknij tutaj aby rozwiązać quiz!

Ogólne statystyki

  • Ten quiz został rozwiązany 5 619 razy
  • Średni wynik to 8 z 12

Statystyki odpowiedzi

PaństwoStolicaNajwiększe miasto% Poprawnych
Republika Południowej AfrykiPretoriaJohannesburg
96%
NigeriaAbudżaLagos
87%
MarokoRabatCasablanca
85%
SudanChartumOmdurman
74%
TanzaniaDodomaDar es Salaam
67%
Wybrzeże Kości SłoniowejJamusukroAbidżan
64%
KamerunJaundeDuala
60%
Gwinea RównikowaMalaboBata
57%
BeninPorto-NovoKotonu
56%
GambiaBandżulSerrekunda
55%
BurundiGitegaBużumbura
51%
EswatiniMbabaneManzini
49%

Rozkład punktacji

Percentyl według liczby udzielonych odpowiedzi

Procent ludzi z każdym wynikiem

Twoja historia wyników

Nie rozwiązałeś tego quizu